Muhammad bin Qasim ....محمد بن قاسم - (Record no. 534313)

000 -LEADER
fixed length control field 00428nam a2200145Ia 4500
005 - DATE AND TIME OF LATEST TRANSACTION
control field 20200213115420.0
008 - FIXED-LENGTH DATA ELEMENTS--GENERAL INFORMATION
fixed length control field 190125s9999 xx 000 0 und d
040 ## - CATALOGING SOURCE
Transcribing agency MUHAMMAD SOHAIL
082 ## - DEWEY DECIMAL CLASSIFICATION NUMBER
Classification number 891.4393
100 ## - MAIN ENTRY--PERSONAL NAME
Personal name Naseem Hijazi - نسیم حجازی
9 (RLIN) 28460
245 ## - TITLE STATEMENT
Title Muhammad bin Qasim ....محمد بن قاسم -
Medium
260 ## - PUBLICATION, DISTRIBUTION, ETC.
Name of publisher, distributor, etc. Jhangir Books
Place of publication, distribution, etc. Lahore
Date of publication, distribution, etc. 2007
300 ## - PHYSICAL DESCRIPTION
Extent 399,p. :
Dimensions 21cm
Accompanying material HB
942 ## - ADDED ENTRY ELEMENTS (KOHA)
Source of classification or shelving scheme
Koha item type Book
Holdings
Withdrawn status Lost status Source of classification or shelving scheme Damaged status Not for loan Permanent Location Current Location Date acquired Total Checkouts Total Renewals Full call number Barcode Date last seen Date last checked out Price effective from Koha item type
          School of Civil and Environmental Engineering (SCEE) School of Civil and Environmental Engineering (SCEE) 02/13/2020 4 3 891.4393 NIT-9749 01/15/2024 10/05/2023 02/13/2020 Book
© 2023 Central Library, National University of Sciences and Technology. All Rights Reserved.